00230 a2200109 4500001000700000020000600007040001100013100001200024240004000036245003500076362000900111172547 a  cMagnum aMálus10aColorir e rir... rir... rir...lpor10aColorir e rir... rir... rir...0 a1899